|
|
|
|
| LEADER |
00000nam0a2200000 4500 |
| 001 |
347508 |
| 005 |
20231102010015.0 |
| 035 |
|
|
|a (RuTPU)RU\TPU\book\379423
|
| 090 |
|
|
|a 347508
|
| 100 |
|
|
|a 20220419d2022 k y0rusy50 ca
|
| 101 |
0 |
|
|a rus
|
| 102 |
|
|
|a RU
|
| 105 |
|
|
|a a dm 001zy
|
| 200 |
1 |
|
|a Синтез и особенности комплексообразования с катионами металлов краунсодержащих иминов 1-гидроксиантрахинона
|e автореферат диссертации на соискание ученой степени кандидата химических наук
|e спец. 1.4.3
|f А. А. Кудреватых
|g Югорский государственный университет ; науч. рук. Л. С. Клименко
|
| 210 |
|
|
|a Ханты-Мансийск
|c [Б. и.]
|d 2022
|
| 215 |
|
|
|a 24 с.
|c ил.
|
| 300 |
|
|
|a Защита сост. 09.06.2022 г.
|
| 320 |
|
|
|a Библиогр.: с. 23-24 (11 назв.)
|
| 452 |
|
1 |
|0 (RuTPU)RU\TPU\retro\25738
|t Синтез и особенности комплексообразования с катионами металлов краунсодержащих иминов 1-гидроксиантрахинона
|o автореферат диссертации на соискание ученой степени кандидата химических наук
|o спец. 1.4.3
|f А. А. Кудреватых
|g Югорский государственный университет ; науч. рук. Л. С. Клименко
|c Ханты-Мансийск
|d 2022
|a Кудреватых, Александра Александровна
|
| 606 |
1 |
|
|a Спектральный анализ
|2 stltpush
|3 (RuTPU)RU\TPU\subj\67783
|9 83449
|
| 610 |
1 |
|
|a авторефераты диссертаций
|
| 610 |
1 |
|
|a синтез
|
| 610 |
1 |
|
|a особенности
|
| 610 |
1 |
|
|a комплексообразование
|
| 610 |
1 |
|
|a катионы
|
| 610 |
1 |
|
|a металлы
|
| 610 |
1 |
|
|a оптические сенсоры
|
| 610 |
1 |
|
|a хиноны
|
| 610 |
1 |
|
|a молекулярные сенсоры
|
| 610 |
1 |
|
|a хемосенсоры
|
| 610 |
1 |
|
|a переходные металлы
|
| 610 |
1 |
|
|a фотохимический синтез
|
| 610 |
1 |
|
|a органические соединения
|
| 610 |
1 |
|
|a спектральные характеристики
|
| 610 |
1 |
|
|a синтезированные соединения
|
| 675 |
|
|
|a 543.42(04)
|v 4
|
| 686 |
|
|
|a 02.00.03
|2 oksvnk
|
| 700 |
|
1 |
|a Кудреватых
|b А. А.
|g Александра Александровна
|
| 702 |
|
1 |
|a Клименко
|b Л. С.
|g Любовь Степановна
|4 727
|
| 712 |
0 |
2 |
|a Югорский государственный университет
|c (Ханты-Мансийск)
|2 stltpush
|3 (RuTPU)RU\TPU\col\14344
|9 25903
|
| 801 |
|
1 |
|a RU
|b 63413507
|c 20220419
|
| 801 |
|
2 |
|a RU
|b 63413507
|c 20220606
|g RCR
|
| 942 |
|
|
|c BK
|